Technologie dopravy 1 Cvičení
Na minha lista:
| Autor principal: | |
|---|---|
| Outros Autores: | |
| Formato: | Livro |
| Idioma: | tcheco |
| Publicado em: |
Praha
VŠE
1988
|
| Edição: | 1. vyd. |
| Tags: |
Sem tags, seja o primeiro a adicionar uma tag!
|
MARC
| LEADER | 00000nam a2200000 4500 | ||
|---|---|---|---|
| 001 | c027109 | ||
| 005 | 20221219085835.2 | ||
| 041 | 0 | |a cze | |
| 044 | |a CZ | ||
| 245 | 1 | 0 | |a Technologie dopravy 1 |b Cvičení |c Jaroslav Veselý, Lubomír Zelený |
| 250 | |a 1. vyd. | ||
| 264 | 1 | |a Praha |b VŠE |c 1988 | |
| 300 | |a 167 s. | ||
| 100 | 1 | |a Veselý, Jaroslav | |
| 700 | 1 | |a Zelený, Lubomír | |